书目信息 |
| 题名: |
现代大学英语阅读
|
|
| 作者: | 杨立民 总主编 ;龚雁 主编 | |
| 分册: | 1 | |
| 出版信息: | 北京 外语教学与研究出版社 2001 |
|
| 页数: | 241页 | |
| 开本: | 26cm | |
| 丛书名: | ||
| 单 册: | ||
| 中图分类: | H31 , H319.4 | |
| 科图分类: | ||
| 主题词: | 英语-阅读教学--高等学校--教材 , 英语 , 阅读教学 | |
| 电子资源: | ||
| ISBN: | 7-5600-2491-2 | |
| 000 | 00932nam0 2200289 45 | |
| 001 | 012003000000 | |
| 005 | 20121029083215.71 | |
| 010 | @a7-5600-2491-2@dCNY 16.90 | |
| 100 | @a20031222e20032001em y0chiy0121 ea | |
| 101 | 0 | @achi@aeng |
| 102 | @aCN@b110000 | |
| 105 | @aa z 000yy | |
| 200 | 1 | @a现代大学英语阅读@Axian dai da xue ying yu yue du@dContemporary college English companion reader@h1@f杨立民总主编@g龚雁主编@zeng |
| 210 | @a北京@c外语教学与研究出版社@d2001@h2003重印 | |
| 215 | @a241页@c图@d26cm | |
| 300 | @a北京市高等教育精品教材建设立项项目 | |
| 510 | 1 | @aContemporary college English@icompanion reader@zeng |
| 606 | 0 | @a英语-阅读教学@x高等学校@j教材 |
| 606 | 0 | @a英语 |
| 606 | 0 | @a阅读教学 |
| 690 | @aH31@v4 | |
| 690 | @aH319.4@v3 | |
| 701 | 0 | @a杨立民@Ayang li min@4总主编 |
| 702 | 0 | @a龚雁@Agong yan@4主编 |
| 801 | 0 | @aCN@bQSSKz@c20031222 |
| 905 | @dH319.4@eY2241:1 | |
| 906 | @dCNY16.90@n3@r1 | |
| 现代大学英语阅读=Contemporary college English companion reader.1/杨立民总主编/龚雁主编.-北京:外语教学与研究出版社,2001(2003重印) |
| 241页:图;26cm |
| 北京市高等教育精品教材建设立项项目 |
| ISBN 7-5600-2491-2:CNY 16.90 |
| ● |
| 相关链接 |
|
|
|
正题名:现代大学英语阅读
索取号:H319.4/Y2241:1
 
预约/预借
| 序号 | 登录号 | 条形码 | 馆藏地/架位号 | 状态 | 备注 |
| 1 | 385044 | 203850449 | 社科二线400B/400B社科库 7排3列5层/ [索取号:H319.4/Y2241:1] | 在馆 | |
| 2 | 385045 | 203850458 | 社科二线400B/400B社科库 7排3列5层/ [索取号:H319.4/Y2241:1] | 在馆 | |
| 3 | 385046 | 203850467 | 社科二线400B/400B社科库 7排3列5层/ [索取号:H319.4/Y2241:1] | 在馆 | |
| 4 | 487323 | 204873235 | 自科二线504/504自科库 23排2列1层/ [索取号:H319.4/Y2241:1] | 在馆 |